|
|
|
|
| LEADER |
00793nam a22002055i 4500 |
| 999 |
|
|
|c 280058
|d 280058
|
| 020 |
|
|
|a 9781786301505
|
| 082 |
|
|
|a 551.22015118
|b VOT.E.2
|
| 100 |
1 |
|
|a Votsi, Irene.
|
| 245 |
1 |
0 |
|a Earthquake statistical Analysis through multistate modeling /
|c Irene Votsi, Nikolaos Limnios, Eleftheria Papadimitriou., George Tsaklidis
|
| 260 |
|
|
|a HOBOKEN NJ :
|b WILEY,
|c (C) 2019
|
| 300 |
|
|
|a 146P
|
| 650 |
|
|
|a STRESS CHANGES
|
| 650 |
|
|
|a HIDDEN MARKOV MODELS
|
| 650 |
|
|
|a HIDDEN MARKOV RENEWAL MODELS
|
| 700 |
|
|
|a LIMNIOS, NIKOLAOS
|
| 700 |
|
|
|a Papadimitriou, Eleftheria
|
| 700 |
|
|
|a Tsaklidis, George.
|
| 942 |
|
|
|c BK
|
| 952 |
|
|
|0 0
|1 0
|4 0
|6 551_220000000000000_151_18_VOT_E_2
|7 0
|8 NFIC
|9 298600
|a CAMPUS
|b CAMPUS
|c GEN
|d 2020-03-19
|l 0
|o 551.220 151 18 VOT.E.2
|p 29286
|r 2020-03-19
|w 2020-03-19
|y BK
|